000 00287nam a22001337a 4500
008 210225b ||||| |||| 00| 0 eng d
020 _a9780131839595
041 _aeng
080 _a159.9
100 _a48
101 _aPSI
245 _aPsychology
_cCiccarelli, K.S
942 _2udc
_cBK
999 _c55180
_d55180